| 000 | 02231nam0a2200385 4500 | ||
|---|---|---|---|
| 001 | RU\NLR\bibl\62293 | ||
| 005 | 20250616092008.0 | ||
| 010 |
_a5-230-03060-7 _9400 |
||
| 021 |
_aRU _b99-25061 _91224 |
||
| 035 | _a(NLR Aleph) 000060785 | ||
| 090 |
_a330983 _c330983 |
||
| 100 | _a19991207d1998 |||y0rusy50 ca | ||
| 101 | 0 | _arus | |
| 102 | _aRU | ||
| 105 | _aa ||||||||| | ||
| 200 | 1 |
_aЭлектротехника, основы промышленной электроники и электрооборудование _eУчеб. пособие _e[Для студентов днев. и веч. форм обучения хим.-мех. фак. спец. 250100 и 250200] _fС.Е. Невский _gМ-во общ. и проф. образования Рос. Федерации, Нижегор. гос. техн. ун-т |
|
| 210 |
_aН. Новгород _cНГТУ _d1998 |
||
| 215 |
_a115 с. _cил. _d20 |
||
| 320 | _aБиблиогр.: с. 115 (10 назв.) | ||
| 606 | 0 |
_aЭлектротехника _jРуководства, пособия и т.п. для высшей школы _91132267 _3RU\NLR\auth\66130670 |
|
| 606 | 0 |
_aЭлектротехника _jУчебные издания для высшей школы _91132267 _3RU\NLR\auth\66130670 |
|
| 606 | 0 |
_aЭлектрооборудование _jРуководства, пособия и т.п. для высшей школы _91250152 _3RU\NLR\auth\66194683 |
|
| 606 | 0 |
_aЭлектрооборудование _jУчебные издания для высшей школы _91250152 _3RU\NLR\auth\66194683 |
|
| 606 | 0 |
_aЭлектроника промышленная _jРуководства, пособия и т.п. для высшей школы _91424927 _3RU\NLR\auth\66601688 |
|
| 606 | 0 |
_aПромышленная электроника _jУчебные издания для высшей школы _92137254 _3RU\NLR\auth\661288603 |
|
| 686 | _aЗ2я73-1 | ||
| 686 | _aЗ859-01я73-1 | ||
| 700 | 1 |
_aНевский _bС. Е. _gСтанислав Евгеньевич _4070 |
|
| 801 | 0 |
_aRU _bNLR _c19991207 _gPSBO |
|
| 801 | 1 |
_aRU _bNLR _c19991207 |
|
| 830 | _aавт.по кн. | ||
| 852 |
_aNLR _j99-3/15672 |
||
| 942 | _cBOOK | ||
| 980 | _aNB | ||